000
00225nam a2200097Ia 4500
008
240331s9999 xx 000 0 und d
082
_a
305.3
_b
JAY
100
_a
Jeyashankar,S
245
0
_a
Manidan irikkiran manusi enge
942
_c
L
999
_c
937
_d
937